000 00463nam a2200181Ia 4500
001 23372
005 20260414150932.0
008 260414t2012||||xx |||||||||||||| ||spa||
041 _aESP
082 _a629.892
_bR81
100 _aRomera, J. Pedro
_eAUT
245 0 _aAutomatización :
_bproblemas resueltos con autómatas programables
260 _c2012
300 _a302 páginas :
_c24 cm.
650 _aCNM
654 _aCCN
942 _cLIB
_dJUS
_fJUS
_2ddc
_n
999 _c23372
_d23372